00509nam a22001697a 4500003000900000008004100009020002300050040007100073082001900144100002500163245002900188260003900217300002700256505002600283650001400309650001600323AR-CdUCM190314b ||||| |||| 00| 0 spa d a978-612-45205-00-9 aMUNICIPALIDAD PROVINCIAL DEL CUSCOcBIBLIOTECA MUNICIPAL DEL CUSCO a869.57 /bB519 aBezzubikoff, Evgueni aCrónica del adiós /  aLima :bHipocampo Editores,c2010. a61 páginas ;c21 cm. aContenido : Poesía  aPoesía  aLiteratura